Statistics for Ranking of the 2020 Six Nations Championship.

Click here to take the quiz!

General Stats

  • This quiz has been taken 49 times
  • The average score is 6 of 6

Answer Stats

PositionPointsPoints scoredNations% Correct
118121England
100%
218138France
98%
314132Ireland
98%
41477Scotland
98%
58119Wales
98%
6044Italy
95%

Score Distribution

Percentile by Number Answered

Percent of People with Each Score

Your Score History

You have not taken this quiz